[Event "AUT-ch U10 Girls"]
[Site "Vienna"]
[Date "2005.05.28"]
[Round "4.5"]
[White "Bovenkamp, Evelyn"]
[Black "Gavric, Tatjana"]
[Result "0-1"]
[WhiteElo "1303"]
[BlackElo "1200"]
[PlyCount "114"]
[EventDate "2005.05.27"]
[EventType "swiss"]
[EventRounds "7"]
[EventCountry "AUT"]
[SourceTitle "EXT 2024"]
[Source "ChessBase"]
[SourceDate "2023.10.10"]
[SourceVersion "1"]
[SourceVersionDate "2023.10.10"]
[SourceQuality "1"]

1. e4 c5 2. d4 cxd4 3. Qxd4 Nc6 4. Qe3 d6 5. Nf3 Nf6 6. Nc3 g6 7. Bc4 Bg7 8. Ng5 e6 9. Nf3 0-0 10. 0-0 Re8 11. Bd2 d5 12. exd5 exd5 13. Qd3 dxc4 14. Qxc4 Bf8 15. Ng5 Be6 16. Qf4 h6 17. Nf3 Bd6 18. Qxh6 Ng4 19. Qh3 Nxf2 20. Qh6 Ng4 21. Qh3 Nge5 22. Qg3 Nc4 23. Bf4 Bc5+ 24. Kh1 Nxb2 25. Bc7 Qd7 26. Ng5 Bd5 27. Qh4 Kf8 28. Bd6+ Bxd6 29. Qh8+ Ke7 30. Rfe1+ Kd8 31. Qf6+ Be7 32. Nxf7+ Bxf7 33. Qxf7 Rf8 34. Qxg6 Bh4 35. Re6 Qf7 36. Rd6+ Kc7 37. g3 Qxg6 38. Rxg6 Be7 39. Nd5+ Kd7 40. Re1 Rf7 41. Ree6 Nc4 42. h4 Rf1+ 43. Kg2 Rf5 44. Nxe7 Nxe7 45. Rgf6 Rxf6 46. Rxf6 Nd5 47. Rf7+ Kc6 48. h5 Rh8 49. g4 Nde3+ 50. Kg3 Ne5 51. Rf6+ Kd5 52. Rf4 N5xg4 53. Kh4 Ke5 54. Kg5 a5 55. a4 Ke6 56. Re4+ Kd5 57. Kf4 Kc5 0-1

[Event "AUT-ch U10 Girls"]
[Site "Vienna"]
[Date "2005.05.28"]
[Round "6.4"]
[White "Weyringer, Laura"]
[Black "Bovenkamp, Evelyn"]
[Result "1-0"]
[WhiteElo "1235"]
[BlackElo "1303"]
[PlyCount "59"]
[EventDate "2005.05.27"]
[EventType "swiss"]
[EventRounds "7"]
[EventCountry "AUT"]
[SourceTitle "EXT 2024"]
[Source "ChessBase"]
[SourceDate "2023.10.10"]
[SourceVersion "1"]
[SourceVersionDate "2023.10.10"]
[SourceQuality "1"]

1. e4 e5 2. Nf3 Nc6 3. Nc3 Nf6 4. Bc4 Bc5 5. d3 Ng4 6. 0-0 d6 7. Bg5 Ne7 8. Bb5+ Bd7 9. Bxd7+ Qxd7 10. d4 exd4 11. Nxd4 Bxd4 12. Qxd4 Qe6 13. Qxg7 0-0-0 14. Nd5 Qxe4 15. Nxe7+ Kb8 16. Rfe1 Qxc2 17. Rf1 Rhg8 18. Nxg8 a6 19. Bxd8 Qe4 20. Qxf7 Qe5 21. Rfe1 Qxh2+ 22. Kf1 Qh1+ 23. Ke2 Qxg2 24. Qxc7+ Ka7 25. Rf1 Qe4+ 26. Kd1 Qd4+ 27. Kc1 Nxf2 28. Qb6+ Qxb6 29. Bxb6+ Kxb6 30. Rxf2 1-0

[Event "AUT-ch U10 Girls"]
[Site "Vienna"]
[Date "2005.05.27"]
[Round "2.2"]
[White "Bovenkamp, Evelyn"]
[Black "Zangerle, Jasmin"]
[Result "0-1"]
[WhiteElo "1303"]
[BlackElo "1419"]
[PlyCount "80"]
[EventDate "2005.05.27"]
[EventType "swiss"]
[EventRounds "7"]
[EventCountry "AUT"]
[SourceTitle "EXT 2024"]
[Source "ChessBase"]
[SourceDate "2023.10.10"]
[SourceVersion "1"]
[SourceVersionDate "2023.10.10"]
[SourceQuality "1"]

1. e4 e5 2. Nf3 Nc6 3. Bc4 Bc5 4. Ng5 Qxg5 5. 0-0 Qd8 6. Nc3 Nf6 7. d3 h6 8. Bd2 d6 9. Qf3 Be6 10. Bb5 Bd7 11. Bxc6 Bxc6 12. a3 Qd7 13. b4 Bb6 14. a4 a6 15. a5 Bd4 16. Ra3 Qg4 17. Qxg4 Nxg4 18. Nd5 Bxd5 19. exd5 0-0 20. c3 Ba7 21. d4 exd4 22. cxd4 Bxd4 23. Be1 Be5 24. g3 c6 25. Rd3 Nf6 26. dxc6 bxc6 27. Bd2 Ne4 28. Be3 Rab8 29. Rb3 Nc5 30. Rbb1 Nd7 31. Ba7 Rb7 32. Be3 c5 33. b5 Rfb8 34. b6 Bc3 35. Bf4 Ne5 36. Bxe5 dxe5 37. Rb3 Bxa5 38. Re3 Re8 39. f4 c4 40. fxe5 Bxb6 0-1